LEADER 01667nam a2200349 u 4500 001 000000009429 003 CaOOAMICUS 005 20070226105214.0 008 941103s1992 enkb u000 u eng u 020 $a0415049725 035 $a10236738 040 $aPUL(R)$bita 245 04$aThe Jews among pagans and Christians in the Roman Empire /$cedited by Judith Lieu, John North and Tessa Rajak. 260 $aLondon ;$aNew York :$bRoutledge,$c1992. 300 $axvii, 198 p. :$bant., c. geogr. ;$c23 cm 500 $aIndex: p. 194-198. 504 $aBibliographie en note. 650 0$aJudaism$xHistory$yTalmudic period, 10-425.$2//eng$0(OLS)http://pul/subject/7825 650 0$aChurch history$yPrimitive and early church, ca. 30-600.$2//eng$0(OLS)http://pul/subject/135 650 0$aJudaism$xRelations$xChristianity.$2//eng$0(OLS)http://pul/subject/7826 650 0$aChristianity and other religions$xJudaism.$2//eng$0(OLS)http://pul/subject/7827 651 0$aRome$xReligion.$2//eng$0(OLS)http://pul/subject/137 700 1 $aLieu, Judith.$0(OLS)http://pul/name/9326 700 1 $aRajak, Tessa,$d1946-$0(OLS)http://pul/name/9328 700 1 $aNorth, John.$0(OLS)http://pul/name/9327 850 $aPUL 852 $aPUL$W1$xSL Diritto e Scienze Sociali 1$y4$m184 G 30$j13350$nBK-PRI$b $qStampati$B13350$CPULBib$Z2$F13350 $H $81 941 1 $a8 961 $aINV: 70954 996 $6020$a0415049725$9(OLS)http://pul/number/12107 996 $6245$aThe Jews among pagans and Christians in the Roman Empire$9(OLS)http://pul/title/13845 996 $6260$aLondon ;$aNew York :$bRoutledge$9(OLS)http://pul/publisher/52469 LEADER 00971naa a2200217 u 4500 001 000000094447 003 CaOOAMICUS 005 20070226130138.0 008 040426s1975 it u000 u ita u 035 $a10991931 040 $aIAR$bita 100 1 $aViolante, Cinzio,$d1921-$0(OLS)http://pul/name/1223 245 13$aLa povertà nelle eresie del secolo XI in occidente /$cCinzio Violante. 250 $a2. ed.$briveduta e accresciuta. 260 $aMilano :$bVita e pensiero,$c1975. 300 $aS. 69-110, ;$c21 cm 650 4$aEresie ed eretici$xStoria$ySec. XI.$0(OLS)http://pul/subject/30162 773 0 $aStudi culla cristianità medioevale : Società, istituzioni, spiritualità. 773 0 $aViolante, Cinzio.$tStudi sulla cristianità medioevale : società istituzioni spiritualità$w()12503 996 $6245$aLa povertà nelle eresie del secolo XI in occidente$9(OLS)http://pul/title/121315 996 $6260$aMilano :$bVita e pensiero$9(OLS)http://pul/publisher/48016